000 00506nam a2200157 a 4500
001 000036909
005 20200930080020.0
008 120206s2011 dr 000 0 spa d
020 _a9789945876956
040 _aDO-SdBNP
_bspa
_cBNPHU
082 _axxx
_bB331p
100 1 _aBathel, Yaniri
_963299
245 1 3 _aEl perdón :
_bmandato divino. Una explicación biblíca a nuestra responsabilidad de perdonar /
_cYaniri Bathel.
260 _aSanto Domingo :
_bArte Antillas,
_c2011.
300 _a79 p. ;
_c23 cm.
999 _c36399
_d36399